Culture Générale - Série 1116 - Statistiques

Statistiques générales
  • Ce quiz a été pris 105 fois
  • Le résultat moyen est 6 sur 10
Statistiques - réponses
Question Réponse % Correct
Dans quelle mégalopole américaine trouve-t-on Times Square et Madison Square Garden ? New York
98%
Au XIXe siècle, Léon Tolstoï a écrit le roman "Guerre et... paix
91%
Quelle est la capitale du Liechtenstein ? Vaduz
86%
En France, l'admission aux études médicales est régulée par le numérus... clausus
77%
Lors d'une soirée, le moment où les femmes invitent les hommes à danser s'appelle le quart d'heure... américain
75%
Quel nom polynésien désigne une huile parfumée, obtenue par la macération de fleurs de tiaré, dans l'huile de noix de coco ? monoï
71%
Quel mammifère rongeur, qui hiberne une grande partie de l'année, est appelé siffleux au Canada en raison de son cri ? marmotte
54%
Dans le film "L'Histoire d'Adèle H." de François Truffaut, à quel nom se rapporte le H. ? Hugo
32%
Quelle est la nationalité du coureur cycliste Stephen Roche ? irlandaise
27%
Qui a été pape de 1963 à 1978 ? Paul VI
26%
Aucun quiz correspondant
Distribution des résultats
% des personnes avec chaque résultat
Percentile par nombre de réponses
Votre historique - résultats
Vous n’avez pas pris ce quiz